000
00323nam a22001337a 4500
008
211018b ||||| |||| 00| 0 eng d
020
_a
9780697259042
041
_a
eng
080
_2
615.83
_a
615.83
_
100
_a
8
101
_a
EGZ
245
_a
Physiological Basis for Exercise and Sport
_c
Foss,M.L
942
_2
udc
_c
BK
999
_c
58248
_d
58248